Ekonomika a manažment vedecký časopis Fakulty podnikového manažmentu Ekonomickej univerzity v Bratislave
Saved in:
| Format: | Serial |
|---|---|
| Language: | Slovak |
| Published: |
Bratislava
Fakulta podnikového manažmentu Ekonomickej univerzity v Bratislave
2010
|
| Subjects: | |
| Tags: |
No Tags, Be the first to tag this record!
|
MARC
| LEADER | 00000nas2a2200000 4500 | ||
|---|---|---|---|
| 001 | 0181547 | ||
| 005 | 20140214091700.8 | ||
| 022 | |a 1336-3301 | ||
| 041 | 0 | |a slo | |
| 044 | |a SK | ||
| 245 | 1 | 0 | |a Ekonomika a manažment |b vedecký časopis Fakulty podnikového manažmentu Ekonomickej univerzity v Bratislave |
| 264 | 1 | |a Bratislava |b Fakulta podnikového manažmentu Ekonomickej univerzity v Bratislave |c 2010 | |
| 773 | 0 | |w eu_un_cat*0013662 | |
| 610 | 2 | 0 | |a manažment |
| 610 | 2 | 0 | |a podnik |
| 610 | 2 | 0 | |a riadenie podnikové |
| 610 | 2 | 0 | |a teórie ekonomické |